|
|
|
|
| LEADER |
00000cam a2200000 7i4500 |
| 001 |
0000013016 |
| 005 |
20080107.0 |
| 008 |
080107 |
| 020 |
|
|
|a 9830462226
|
| 090 |
0 |
0 |
|a 297.382
|b SOL
|
| 245 |
1 |
0 |
|a Solat khusus wanita
|c Penyusun Zulkifli Abu Bakar ; penyelenggara Nurun Nasuha M A
|
| 260 |
|
|
|a Kuala Lumpur :
|b Darul Nu'man ,
|c 1998
|
| 650 |
|
0 |
|a Islam
|x Prayers and devotions
|
| 650 |
|
0 |
|a Pillars of Islam
|
| 650 |
|
0 |
|a Prayer
|x Islam
|
| 700 |
0 |
|
|a Nurun Nasuha M A
|
| 700 |
0 |
|
|a Zulkifli Abu Bakar
|
| 710 |
0 |
|
|a Title
|
| 999 |
|
|
|a 0001005074
|b Book
|c Adult Collection
|e Perbadanan Perpustakaan Awam Johor
|
| 999 |
|
|
|a 0001005075
|b Book
|c Adult Collection
|e Perbadanan Perpustakaan Awam Johor
|
| 999 |
|
|
|a 0001005076
|b Book
|c Adult Collection
|e Perbadanan Perpustakaan Awam Johor
|